The underground dance
| Main Author: | |
|---|---|
| Format: | Book |
| Published: |
Oxford :
Rigby ,
2000
|
| Series: | Rigby red giant
|
MARC
| LEADER | 00000cam a2200000 7i4500 | ||
|---|---|---|---|
| 001 | 0000071198 | ||
| 005 | 20170307.0 | ||
| 008 | 170307 | ||
| 020 | |a 0433031271 | ||
| 090 | 0 | 0 | |a JF |b ENG |
| 100 | 1 | |a Mitton,Tony | |
| 245 | 1 | 0 | |a The underground dance |c Tony Mitton |
| 260 | |a Oxford : |b Rigby , |c 2000 | ||
| 490 | 1 | |a Rigby red giant | |
| 999 | |a 0000798871 |b Book |c Children Collection |e Cawangan Pontian | ||
| 999 | |a 0000817834 |b Book |c Children Collection |e Cawangan Bandar Penawar | ||